| 000 | 00847nam a22002295i 4500 | ||
|---|---|---|---|
| 001 | 163483 | ||
| 003 | ES-MaACL | ||
| 005 | 20250804062755.0 | ||
| 008 | 020905s1890 fr |||| | fre d | ||
| 040 |
_aCCPB | B _bspa _cCCPB | B |
||
| 100 | 1 |
_aRicardou, A. _9131787 |
|
| 245 | 1 | 0 |
_aDe l'idéal _b: étude philosophique / _cpar A. Ricardou. |
| 260 |
_aParis : _bancienne Librairie Germer Baillière et C\pie\s, Félix Alcan, éditeur, _c1890 ( _eÉvreux : _fimprimerie de Charles Hérissey) |
||
| 300 |
_a356 p. ; _c22 cm. |
||
| 490 | 1 | _aBibliothèque de philosophie contemporaine | |
| 650 | 0 | 7 |
_aFilosofía _2embne _912802 |
| 752 |
_aFrancia - _dParís |
||
| 752 |
_aFrancia - _dEvreux |
||
| 830 | 0 |
_aBibliothèque de philosophie contemporaine _9181027 |
|
| 852 |
_aES-MaACL _jB-7066 _z-- Enc. pasta española |
||
| 999 |
_c163483 _d163483 |
||